| 000 | 00483pab a2200169 454500 | ||
|---|---|---|---|
| 008 | 180718b1989 xxu||||| |||| 00| 0 eng d | ||
| 100 | _aAyee, Joseph R.A. | ||
| 245 | _aLocal government reform in Ghana: Some reflections on the 1988 local government law | ||
| 260 | _c1989 | ||
| 300 | _ap.954-966. | ||
| 362 | _aOct-Dec | ||
| 650 | _aLocal government - Ghana | ||
| 650 | _aLocal government | ||
| 773 | _aIndian Journal of Public Administration | ||
| 908 | _aN | ||
| 909 | _a12741 | ||
| 999 |
_c12741 _d12741 |
||